| 000 | 00985nam a22002297a 4500 | ||
|---|---|---|---|
| 005 | 20110708111942.0 | ||
| 008 | 110708t xxu||||| |||| 00| 0 mar d | ||
| 010 | _aMAR-21042 | ||
| 020 |
_a9788174345387 _c125.00 |
||
| 035 | _aMR-13700 | ||
| 037 | _bDBAD/PUB | ||
| 040 |
_aDPL _bMR |
||
| 082 | _a328.5407452 | ||
| 100 |
_aगोडबोले,माधव _929276 |
||
| 245 |
_aलोकपालाची मोहिनी / _cमाधव गोडबोले |
||
| 246 |
_aLokpalachee Mohinee _bby Madhav Godbole |
||
| 260 |
_aपुणे _bराजहँस प्रकाशन _c2011 |
||
| 270 |
_a1025,सदाशिव पेठ _bपुणे _e411030 |
||
| 300 |
_a140पृ. _c22सेमी(अजिल्द) |
||
| 942 |
_2ddc _cMR _h328.5407452 _mगोडबो |
||
| 999 |
_c53651 _d53651 |
||